000 00483nam a2200169 4500
001 118517
003 ES-MaACL
005 20231226204635.0
007 t|
008 070214s1958 sp r ||||1| spa d
100 1 _aPérez de Ayala, Ramón,
_d1880-1962
_990763
245 1 0 _aDivagaciones literarias /
_cRamón Pérez de Ayala.
260 _aMadrid :
_bBiblioteca Nueva,
_c1958.
300 _a325 p. ;
_c19 cm.
852 _aES-MaACL
_jC-14829
_bR.42414
999 _c118517
_d118517